Tennant and another v Adamczyk and another (Record no. 76055)
[ view plain ]
| 000 -LEADER | |
|---|---|
| fixed length control field | 01620cab a2200241 4500 |
| 001 - CONTROL NUMBER | |
| control field | ##L131348 |
| 008 - FIXED-LENGTH DATA ELEMENTS--GENERAL INFORMATION | |
| fixed length control field | 051021n2005 000 0 eng u |
| 035 ## - SYSTEM CONTROL NUMBER | |
| System control number | (Sirsi) u131348 |
| 041 0# - LANGUAGE CODE | |
| Language code of text/sound track or separate title | eng |
| 245 ## - TITLE STATEMENT | |
| Title | Tennant and another v Adamczyk and another |
| 260 3# - PUBLICATION, DISTRIBUTION, ETC. | |
| Date of publication, distribution, etc. | 2005 |
| 490 #0 - SERIES STATEMENT | |
| Series statement | Estates Gazette |
| Volume/sequential designation | [2005] 41 EG 205 (CS) (1) |
| 520 ## - SUMMARY, ETC. | |
| Summary, etc. | CA, 4 October 2005. Concerns whether the appellants' title to disputed land was time-barred and extinguished by virtue of the Limitation Act 1980 ss15 and 17 and Sched 1, read in conjunction with the Land Registration Act 2002. The disputed land was a yard falling between business units owned by the appellants (T) and the respondents (A). T brought proceedings against A claiming trespass and seeking a declaration as to ownership. A counterclaimed that T's title to the disputed land was time-barred and extinguished. The judge dismissed T's claim and accepted A's submissions that their use of the land from June to October 1991 amounted to adverse possession. T appealed. "Held": appeal allowed. The judge had to ask whether T had been dispossessed and whether A had been in adverse possession by October 1991. He had erred in relying on events occurring after October 1991. |
| 590 ## - LOCAL NOTE (RLIN) | |
| Local note | IKA251005 |
| 650 24 - SUBJECT ADDED ENTRY--TOPICAL TERM | |
| Topical term or geographic name entry element | LIMITATION ACT 1980 S15 |
| 650 24 - SUBJECT ADDED ENTRY--TOPICAL TERM | |
| Topical term or geographic name entry element | LIMITATION ACT 1980 S17 |
| 650 24 - SUBJECT ADDED ENTRY--TOPICAL TERM | |
| Topical term or geographic name entry element | LIMITATION ACT 1980 SCHED 1 |
| 650 24 - SUBJECT ADDED ENTRY--TOPICAL TERM | |
| Topical term or geographic name entry element | LAND REGISTRATION ACT 2002 |
| 650 24 - SUBJECT ADDED ENTRY--TOPICAL TERM | |
| Topical term or geographic name entry element | TENNANT V ADAMCZYK |
| 650 ## - SUBJECT ADDED ENTRY--TOPICAL TERM | |
| Topical term or geographic name entry element | J A PYE (OXFORD) LTD V GRAHAM |
| 690 ## - LOCAL SUBJECT ADDED ENTRY--TOPICAL TERM (OCLC, RLIN) | |
| Topical term or geographic name as entry element | PROPERTY-PROPERTY ACQUISITION AND DISPOSAL-REGISTRATION OF TITLE TO PROPERTY-LAND REGISTRATION |
| 942 ## - ADDED ENTRY ELEMENTS (KOHA) | |
| Suppress in OPAC | 0 |
| Withdrawn status | Lost status | Source of classification or shelving scheme | Damaged status | Not for loan | Home library | Current library | Shelving location | Date acquired | Total Checkouts | Full call number | Barcode | Date last seen | Copy number | Price effective from | Koha item type |
|---|---|---|---|---|---|---|---|---|---|---|---|---|---|---|---|
| Dewey Decimal Classification | London | London | Journal article | 21/10/2005 | L131348 | 131348-1001 | 06/08/2019 | 1 | 06/08/2019 | Law report |